1679 1815 1395 1286 1679 1545 1510 1404 1531 1964 1722 1272 1643 1401 1620 1291 1427 1396 1670 1249 1964 1394 1863 1760 1552 1466 1976 1422 1770 1906 1662 1688 1302 1911 1766 1320 1954 1201 1514 1209 1684 1339 1414 1278 1585 1572 1380 1336 1343 1654 1408 1838 1689 1177 2000 1267 1061 1343 1368 1660 1805 1200 1492 1868 1784 1944 1496 1553 1821 1386 1117 1504 1260 1655 1468 1581 1547 1459 1317 1874 1849 1293 1599 1528 1577 1239 1568 1874 1590 1456 1844 1332 1818 1429 1118 1237 1120 1311 1377 BCNSPRNW ULIB Ver.6.0+V

เปลี่ยนเป็นภาษาไทย

Change to English
 แสดงรายละเอียดบรรณานุกรม
  กลับหน้าหลัก

Brief Record : Get Marc (ISO 2709) : E-mail record : QR code < ปิดหน้าต่าง
LEADER : 00000nam 2200000uu 4500
001    13399125307
003     ULIB
008    170405s2559||||th 000 0 tha d
020    ^a9789744228048
060    ^aWB115 ว849ก
100    ^aวีระศักดิ์ ศรินนภากร สุรพันธ์ พงศ์สุธนะ และเฉลิมรัฐ บัญชรเทวกุล
245    ^aการให้คำปรึกษาทางอายุรศาสตร์ที่พบบ่อย Common Medical Consultation
250    ^aพิมพ์ครั้งที่ 1
260    ^aกรุงเทพฯ :^bกลุ่มงานอายุรศาสตร์ โรงพยาบาลราชวิถี สังกัดกรมการแพทย์ กระทรวงสาธารณสุข,^c2559
300    ^a384 หน้า^bภาพประกอบ, ตาราง
650    ^aอายุรศาสตร์^xการให้คำปรึกษา
945    ^p0^l0^i001878
945    ^p0^l0^i001879
945    ^p0^l0^i001880
945    ^p0^l0^i001881
945    ^p0^l0^i001882
945    ^p0^l0^i001883
999    ^aวรรณษา ชูชัยมงคล
รายการนี้ยังไม่มีแท็ก
คุณยังไม่ได้ล็อกอิน คุณสามารถมีกิจกรรมร่วมกับเว็บไซต์ได้ แต่ต้องล็อกอินก่อน ::
  ล็อกอิน

รายการสื่อสารสนเทศ

ลำดับที่ ประเภท เลขเรียก/บาร์โค้ด สถานที่ สถานะ
1. วิทยาศาสตร์การแพทย์ และสุขภาพ
วิทยาศาสตร์การแพทย์ และสุขภาพ
สถานะ=หนังสือเก่า
WB115 ว849ก ฉ.1 
  Barcode: 001878
ห้องสมุดวิทยาเขตสวรรค์ประชารักษ์
►ส่วนจัดเก็บหนังสือเก่า สปร
บนชั้น
  ขอยืม
2. วิทยาศาสตร์การแพทย์ และสุขภาพ
วิทยาศาสตร์การแพทย์ และสุขภาพ
สถานะ=หนังสือเก่า
WB115 ว849ก ฉ.2 
  Barcode: 001879
ห้องสมุดวิทยาเขตสวรรค์ประชารักษ์
►ส่วนจัดเก็บหนังสือเก่า สปร
บนชั้น
  ขอยืม
3. วิทยาศาสตร์การแพทย์ และสุขภาพ
วิทยาศาสตร์การแพทย์ และสุขภาพ
สถานะ=หนังสือเก่า
WB115 ว849ก ฉ.3 
  Barcode: 001880
ห้องสมุดวิทยาเขตสวรรค์ประชารักษ์
►ส่วนจัดเก็บหนังสือเก่า สปร
บนชั้น
  ขอยืม
4. วิทยาศาสตร์การแพทย์ และสุขภาพ
วิทยาศาสตร์การแพทย์ และสุขภาพ
สถานะ=หนังสือเก่า
WB115 ว849ก ฉ.4 
  Barcode: 001881
ห้องสมุดวิทยาเขตสวรรค์ประชารักษ์
►ส่วนจัดเก็บหนังสือเก่า สปร
บนชั้น
  ขอยืม
5. วิทยาศาสตร์การแพทย์ และสุขภาพ
วิทยาศาสตร์การแพทย์ และสุขภาพ
สถานะ=หนังสือเก่า
WB115 ว849ก ฉ.5 
  Barcode: 001882
ห้องสมุดวิทยาเขตสวรรค์ประชารักษ์
►ส่วนจัดเก็บหนังสือเก่า สปร
บนชั้น
  ขอยืม
6. วิทยาศาสตร์การแพทย์ และสุขภาพ
วิทยาศาสตร์การแพทย์ และสุขภาพ
สถานะ=หนังสือเก่า
WB115 ว849ก ฉ.6 
  Barcode: 001883
ห้องสมุดวิทยาเขตสวรรค์ประชารักษ์
►ส่วนจัดเก็บหนังสือเก่า สปร
บนชั้น
  ขอยืม

BibComment


ยังไม่เคยถูกคอมเมนท์

คอมเมนท์ทรัพยากรรายการนี้
  คอมเมนท์: การให้คำปรึกษาทา..


 Copyright 2026. Bcnsprnw @Library